Statistics for Christina Aguilera Quiz

Click here to take the quiz!

General Stats

  • This quiz has been taken 145 times
  • The average score is 10 of 15

Answer Stats

HintAnswer% Correct
Her first single: _____ in a BottleGenie
96%
Band she collaborated with for the song "Moves Like Jagger"Maroon 5
96%
She has released two albums in this languageSpanish
86%
She became a coach on this US singing contestThe Voice
85%
Song that featured in the movie "Moulin Rouge"Lady Marmalade!
81%
2010 movie she starred in with CherBurlesque
76%
Singer who she kissed at the 2003 VMA music awardsMadonna
74%
Song that was Nominated for a Grammy Award for song of the Year discusses inner beauty, as well as self-esteem and insecurity issuesBeautiful
69%
2002 song featuring RedmanDirrty
68%
"Sweet, Sugar" themed songCandyman
66%
Year that she received her star on the Hollywood Walk of Fame2010
65%
Name of her first studio albumChristina Aguilera
55%
60's singer who she declares was her "main inspiration" and "all-time favourite singer"Etta James
37%
Record Producer she married in 2005Jordan Bratman
31%
Song produced by Max Martin on her seventh studio albumYour Body
25%

Score Distribution

Percentile by Number Answered

Percent of People with Each Score

Your Score History

You have not taken this quiz